000
00278nam a2200109Ia 4500
001
1260269
005
20260417140328.0
008
260417s9999 xx 000 0 und d
020
_a
9786258486087
245
0
_a
Kassandra Damgası
_c
Cengiz Aytmatov
260
_b
Ketebe Yayınları
999
_c
1260269
_d
1260269